Top 100 Super Smash Bros. Melee Players of All Time - Statistics

General Stats
  • This quiz has been taken 379 times
  • The average score is 35 of 100
Answer Stats
Rank Characters Player % Correct
3 Jigglypuff Hungrybox
97%
1 Falco, Fox, Jigglypuff, Captain Falcon Mango
96%
5 Marth, Sheik, Fox, Peach Mew2king
93%
6 Fox Leffen
92%
2 Peach, Fox, Young Link Armada
90%
7 Falco, Marth PPMD
88%
9 Marth Zain
85%
10 Sheik, Samus, Fox, Luigi Plup
81%
4 Marth, Fox Ken
80%
12 Pikachu, Falco, Marth, Young Link Axe
77%
21 Yoshi aMSa
74%
14 Captain Falcon Wizzrobe
73%
23 Ice Climbers Wobbles
69%
18 Captain Falcon, Falco S2J
68%
11 Ice Climbers, Young Link, Pikachu, Fox ChuDat
63%
19 Fox, Captain Falcon Hax$
60%
22 Fox iBDW
60%
24 Samus HugS
57%
35 Captain Falcon, Ganondorf n0ne
56%
16 Fox SFAT
55%
20 Sheik, Dr. Mario, Marth Shroomed
55%
8 Marth, Sheik, Fox, Falco Azen
54%
15 Captain Falcon, Fox, Sheik Isai
53%
27 Fox, Sheik Chillin
52%
25 Fox, Captain Falcon Lucky
50%
13 Fox, Falco, Sheik, Peach PC Chris
50%
57 Samus Wes
47%
43 Samus Duck
43%
44 Ganondorf Kage
43%
26 Falco, Fox, Captain Falcon Westballz
43%
17 Sheik, Fox, Marth KoreanDJ
42%
42 Fox, Sheik, Marth Ice
41%
29 Marth, Fox PewPewU
41%
77 Luigi, Falco Abate
40%
89 Ganondorf Eddie
39%
60 Peach llod
37%
71 Fox Moky
37%
46 Ice Climbers, Jigglypuff, Marth Nintendude
37%
38 Sheik, Fox, Marth Amsah
36%
69 Captain Falcon Scar
35%
63 Peach Trif
35%
72 Falco Ginger
34%
36 Fox Silent Wolf
34%
34 Ice Climbers, Sheik Fly Amanita
33%
47 Marth, Mewtwo Taj
33%
75 Luigi Eddy Mexico
31%
91 Peach Wife
31%
84 Jigglypuff Prince Abu
30%
67 Fox Professor Pro
30%
40 Fox, Peach, Falco, Marth Fiction
29%
28 Falco, Fox Zhu
29%
30 Sheik, Dr. Mario, Ganondorf CaptainJack
28%
88 Marth Husband
28%
31 Sheik, Fox, Peach KirbyKaze
27%
99 Marth, Fox, Donkey Kong Rishi
27%
53 Captain Falcon SilentSpectre
27%
41 Sheik, Peach Swedish Delight
27%
33 Fox, Marth Colbol
26%
92 Ice Climbers Bananas
25%
39 Sheik, Zelda Drephen
25%
37 Captain Falcon Darkrain
24%
80 Jigglypuff The King
24%
49 Fox, Sheik, Falco, Marth DruggedFox
23%
64 Fox Crush
22%
81 Falco, Fox, Dr. Mario HomeMadeWaffles
22%
45 Fox, Marth Cactuar
21%
96 Ice Climbers ARMY
20%
59 Captain Falcon Gahtzu
20%
79 Roy, Marth, Sheik NEO
20%
73 Fox KJH
19%
74 Sheik Captain Faceroll
18%
68 Peach Kalamazhu
18%
54 Fox, Sheik, Captain Falcon Lovage
18%
65 Luigi, Captain Falcon Ka-Master
17%
82 Fox MikeHaze
17%
51 Fox, Sheik, Falco, Dr. Mario Ryan Ford
17%
98 Marth Tai
16%
50 Fox Javi
15%
32 Fox Jman
15%
62 Peach Bladewise
14%
48 Peach, Captain Falcon, Marth Cort
14%
87 Sheik Spark
14%
100 Fox, Sheik, Marth AbsentPage
11%
55 Falco, Sheik, Fox Forward
11%
83 Sheik DieSuperFly
10%
95 Fox, Marth Medz
10%
86 Fox, Falco Zgetto
10%
78 Sheik, Peach, Fox Darkatma
9%
93 Fox, Peach, Ice Climbers, Young Link Kei
9%
58 Fox, Falco, Sheik, Marth Kels
9%
70 Falco Lambchops
9%
97 Falco, Sheik Rob$
9%
52 Peach Sastopher
9%
61 Fox, Falco Eggm
8%
66 Sheik Tope
8%
56 Jigglypuff, Fox, Marth Darc
7%
76 Peach, Fox, Sheik VaNz
6%
90 Falco Dope
5%
94 Peach Mike G
4%
85 Marth, Fox Swiftbass
4%
No matching quizzes found
Score Distribution
Percent of People with Each Score
Percentile by Number Answered
Your Score History
You have not taken this quiz